punish - ethel cain - Statistics

General Stats
  • This quiz has been taken 30 times
  • The average score is 96 of 115
Answer Stats
Answer % Correct
a
100%
am
100%
by
100%
i
100%
love
100%
punished
100%
the
100%
was
100%
an
93%
angel
93%
but
93%
in
93%
leave
93%
made
93%
me
93%
they
93%
he
86%
my
86%
on
86%
will
86%
and
79%
bed
79%
believe
79%
easy
79%
give
79%
god
79%
knows
79%
nature
79%
only
79%
so
79%
take
79%
that
79%
to
79%
whatevers
79%
with
79%
would
79%
wrong
79%
"you
79%
always
71%
been
71%
chews
71%
has
71%
it
71%
natural
71%
this
71%
this"
71%
way
71%
again
64%
gives
64%
heavy
64%
little
64%
morning
64%
myself
64%
plauché
64%
saying
64%
shame
64%
skin
64%
wont
64%
death
57%
forget
57%
is
57%
mar
57%
poisonous
57%
sharp
57%
like
50%
lead
36%
No matching quizzes found
Score Distribution
Percent of People with Each Score
Percentile by Number Answered
Your Score History
You have not taken this quiz